000 00209 a2200097 4500
001 30119
100 _aDeem
245 _aDigital Computer Circuits and Compts
260 _a
_bReston
_c
090 _c20070
_d20070
942 _aNUST-CAE
_cM
_c11193
999 _c265192
_d265192